-SS Vocabulary Words #2 - Statistics

General Stats
  • This quiz has been taken 146 times
  • The average score is 13 of 20
Answer Stats
definition word % Correct
lips touching romantically kiss
100%
what you do to food by saying grace bless
91%
used to make windows and bottles glass
89%
group of people being taught class
88%
the m in E = mc2 mass
86%
grows on rocks in moist conditions moss
86%
teeth-cleaning fiber floss
85%
she serves you coffee on planes hostess
83%
type of clothing dress
82%
trumpets, tubas, etc brass
75%
train that makes few stops express
69%
squeeze; make something smaller compress
65%
pirate's sword cutlass
49%
disturb, pester, persecute harass
47%
road that goes around a town bypass
41%
conifer that's a homonym of an island nation cypress
31%
mustard-flavored salad ingredient cress
26%
angry, annoyed cross
22%
sloppy, not paying attention careless
20%
German mathematician-scientist 1777-1855 Gauss
12%
No matching quizzes found
Score Distribution
Percent of People with Each Score
Percentile by Number Answered
Your Score History
You have not taken this quiz